00999nam a2200193 i 450000100060000000300090000600500170001500700030003200800410003510000260007624502020010226000530030430000720035750001150042965000370054485200580058199900170063995201490065629378ES-MaACL20250822235426.0t|030121s1867 fr ||||1| fre d1 aBarre, Albert.92587010aGraveurs généraux et particuliers des monnaies de France b: controleurs généraux des effigies : noms de quelques graveurs en médailles de la renaissance française / cpar Albert Barre. aParís : b[s.n.], c1867 (fImp. de A. Pillet) a35 p. : b[1] lám. de grab. : retrato de J.-J. Barré ; c29 cm. aEn port.: Extrait de l'"Annuaire de la Société française de numismatique et d'archéologie". 1866-1867.07aMedallas antiguas2embne9136477 aES-MaACLjT-1088-F-14 z.- Firma manuscrita del autor c29378d29378 001040708Colección_de_folletosaATENEOMbATENEOMcDEPOFd2008-01-17eSCl0oT-1088-F-14p1030329r2023-02-23 00:00:00w2023-02-23yFOLLETOS